000 00481nam a2200145Ia 4500
008 181022s9999 xx 000 0 und d
020 _a9781305945425
100 _aOberg, Doreen Villemaire.
245 _cDoreen Villemaire Oberg, Lorraine Villemaire.--
_aGrammar & writing skills for the health professional /
250 _a3rd ed
260 _aUSA :
_bCengage learning
_c2018
300 _axiv, 284 pages.
650 _aEnglish language -- grammar.
650 _aMedical writing.
999 _c359284
_d359284